Loading...
| Mythology | 0 | 7 | 1 | 0 | 65 | 57 | 98.71 | 1 | 4 |
| Literature - European Literature | 0 | 5 | 0 | 0 | 50 | 117 | 127.20 | 0 | 1 |
| Science - Biology | 0 | 5 | 1 | 0 | 45 | 64 | 85.20 | 1 | 5 |
| Science - Physics | 0 | 4 | 0 | 0 | 40 | 110 | 118.75 | 1 | 2 |
| Science - Other Science | 0 | 4 | 0 | 0 | 40 | 58 | 111.25 | 0 | 1 |
| Fine Arts - Other Fine Arts | 0 | 4 | 0 | 0 | 40 | 86 | 120.25 | 0 | 1 |
| Literature - World Literature | 0 | 3 | 0 | 0 | 30 | 71 | 113.33 | 0 | 2 |
| Science - Chemistry | 0 | 4 | 2 | 0 | 30 | 82 | 107.75 | 0 | 1 |
| Literature - American Literature | 0 | 2 | 0 | 0 | 20 | 143 | 146.50 | 0 | 0 |
| History - Other History | 0 | 3 | 2 | 0 | 20 | 26 | 87.33 | 3 | 3 |
| Philosophy | 0 | 2 | 0 | 0 | 20 | 113 | 119.00 | 0 | 0 |
| Religion | 0 | 3 | 2 | 1 | 20 | 114 | 123.00 | 0 | 1 |
| Fine Arts - Painting & Sculpture | 0 | 1 | 0 | 0 | 10 | 115 | 115.00 | 1 | 1 |
| Literature - British Literature | 0 | 1 | 0 | 0 | 10 | 140 | 140.00 | 0 | 0 |
| History - European History | 0 | 1 | 0 | 1 | 10 | 143 | 143.00 | 0 | 0 |
| Social Science | 0 | 1 | 0 | 1 | 10 | 128 | 128.00 | 0 | 0 |
| History - World History | 0 | 1 | 0 | 0 | 10 | 123 | 123.00 | 0 | 0 |
| History - American History | 0 | 1 | 0 | 0 | 10 | 114 | 114.00 | 0 | 0 |
| Other | 0 | 0 | 1 | 0 | -5 | 0.00 | 0 | 0 |